01115nam a2200241 a 450000100060000000300090000600500170001500800410003202000150007304000280008810000270011624500980014330000250024149000580026665000400032465000430036470000430040794200120045099900170046295201370047995201310061695201260074711069CO-ViMGA20250812161844.0141112s2004 ck r 000 u spa d a9681663187 aCO-ViMGAbspacCO-ViMGA1 aSáez, Gabriel96201410aCuatro descubridores y un conejo / cGabriel Sáez ; ilustraciones Francisco Nava Bouchaín a67 p. : il. ; 19 cm. aA la orilla del vientos. Para los que leen bien ; 14714aCuentos juveniles argentinos95950314aHistoria de aventuras juveniles9620171 aNava Bouchaín, Francisco, il.962018 2ddccBK c11069d11069 00102ddc40708001aMEVIGAEMPbMEVIGAEMPd2015-12-04h27/ene/2015l0oC SAE1pICM00032r2015-12-04 00:00:00tEj. 1w2015-12-04yBK 00102ddc40708INFaMEGUAMALbMEGUAMALcSInfd2024-05-14l0oC SAE1pGUA003804r2024-05-14 22:20:58tEj.1w2024-05-14yBKINF 00102ddc40708INFaMEMESETAbMEMESETAcSInfd2025-07-28l0oC SAE1pME00130r2024-06-20 16:14:28tEj.1w2024-06-20yBK